[Event "Kvika Reykjavik Open 2022"]
[Site "Reykjavik ISL"]
[Date "2022.04.12"]
[Round "9.27"]
[White "Domalchuk-Jonasson, Aleksandr"]
[Black "Rosen, Eric"]
[Result "0-1"]
[BlackTitle "IM"]
[WhiteElo "2169"]
[BlackElo "2359"]
[WhiteFideId "14142805"]
[BlackFideId "2032562"]
[EventDate "2022.04.06"]

1. d4 Nf6 2. c4 Nc6 3. Nf3 e6 4. Nc3 Bb4 5. Bg5 h6 6. Bh4 d6 7. e3 Qe7 8. Qc2 a5
9. Be2 e5 10. dxe5 dxe5 11. O-O Bxc3 12. Bxf6 Qxf6 13. Qxc3 O-O 14. b3 Bf5 15.
a3 Rfd8 16. Rfd1 Qe7 17. c5 Bg4 18. h3 Bh5 19. g4 Bg6 20. Bb5 Re8 21. Qc4 h5 22.
Nh2 Red8 23. Qe2 hxg4 24. Qxg4 Qxc5 25. Bc4 b5 26. Qxg6 bxc4 27. Qc2 c3 28. Rdc1
Rd6 29. Nf1 Rg6+ 30. Ng3 Rd8 31. Kh2 Qd5 32. Rd1 Qf3 33. Rxd8+ Nxd8 34. Rd1 Ne6
35. Rd3 Rh6 36. Qe2 Ng5 37. Rd8+ Kh7 38. Qxf3 Nxf3+ 39. Kg2 Nd2 40. Rd3 Rc6 41.
Ne2 Rg6+ 42. Kh2 Nf3+ 43. Kh1 c2 44. Rc3 Rd6 45. Kg2 Ne1+ 46. Kf1 Rd1 47. Rxc7
f6 48. b4 axb4 49. axb4 Nd3+ 50. Kg2 c1=Q 51. Nxc1 Nxc1 52. f4 exf4 53. exf4 Nd3
54. Kg3 Nxb4 55. Kg4 Rd4 56. Kh5 Nd5 57. Ra7 Nxf4+ 58. Kg4 Ng6+ 59. Kh5 Rh4# 0-1

[Event "Kvika Reykjavik Open 2022"]
[Site "Reykjavik ISL"]
[Date "2022.04.12"]
[Round "9.28"]
[White "Heimisson, Hilmir Freyr"]
[Black "Kull, Florian"]
[Result "1-0"]
[WhiteTitle "FM"]
[WhiteElo "2321"]
[BlackElo "2138"]
[WhiteFideId "2309998"]
[BlackFideId "4637097"]
[EventDate "2022.04.06"]

1. e4 e6 2. d4 d5 3. Nd2 Nc6 4. Ngf3 Nf6 5. e5 Nd7 6. Nb3 a5 7. a4 Be7 8. Bf4 b6
9. h4 h6 10. Rh3 Ba6 11. Bxa6 Rxa6 12. Kf1 Nf8 13. Be3 Nb8 14. Kg1 Nbd7 15. Qe2
Ra8 16. c4 c6 17. Rc1 Rc8 18. h5 Nh7 19. Nfd2 f5 20. exf6 Bxf6 21. Bf4 Kf7 22.
Qd3 Ndf8 23. c5 Ng5 24. Re3 b5 25. axb5 a4 26. Na1 cxb5 27. Nc2 Qa5 28. b4 axb3
29. Nxb3 Qa4 30. Ra1 Qc4 31. Qd1 Ne4 32. Na5 Qxc2 33. Qxc2 Bxd4 34. Rf3 Bxa1 35.
Be5+ Ke7 36. Bxa1 Rxc5 37. Qb2 Rg8 38. Qa3 Ke8 39. Nb3 1-0

[Event "Kvika Reykjavik Open 2022"]
[Site "Reykjavik ISL"]
[Date "2022.04.12"]
[Round "9.29"]
[White "Large, Peter G"]
[Black "Anand, Vignesh"]
[Result "1/2-1/2"]
[WhiteTitle "IM"]
[WhiteElo "2293"]
[BlackElo "1829"]
[WhiteFideId "400866"]
[BlackFideId "30916348"]
[EventDate "2022.04.06"]

1. d4 Nf6 2. Nf3 g6 3. Bg5 d5 4. Nbd2 Bg7 5. e3 O-O 6. Bd3 c5 7. c3 Qb6 8. Rb1
Nc6 9. O-O Re8 10. b4 cxb4 11. cxb4 a5 12. Qa4 h6 13. Bh4 Be6 14. bxa5 Qxa5 15.
Qxa5 Rxa5 16. Rxb7 Rxa2 17. Bb5 Rc8 18. Bxc6 Rxc6 19. Rxe7 g5 20. Bg3 g4 21. Ne5
Rb6 22. Nb1 Ne4 23. Rc7 Rb3 24. Rcc1 Bf5 25. Bh4 Bxe5 26. dxe5 Kf8 27. Rfd1 Rab2
28. f3 gxf3 29. gxf3 Ng5 30. Bxg5 hxg5 31. e4 dxe4 32. Nd2 Rd3 33. Nxe4 Bxe4 34.
fxe4 Re3 35. Re1 Rh3 36. e6 Rhxh2 37. exf7 Rbg2+ 38. Kf1 Rf2+ 39. Kg1 Rhg2+ 40.
Kh1 Rh2+ 41. Kg1 Rhg2+ 1/2-1/2

[Event "Kvika Reykjavik Open 2022"]
[Site "Reykjavik ISL"]
[Date "2022.04.12"]
[Round "9.30"]
[White "Sukandar, Irine Kharisma"]
[Black "Bosboom, Ardin"]
[Result "1-0"]
[WhiteTitle "IM"]
[WhiteElo "2386"]
[BlackElo "2078"]
[WhiteFideId "7101937"]
[BlackFideId "1046454"]
[EventDate "2022.04.06"]

1. e4 c5 2. Nf3 Nc6 3. Bb5 e6 4. O-O Nge7 5. d4 cxd4 6. Nxd4 Qb6 7. Nxc6 dxc6 8.
Bd3 e5 9. a4 Ng6 10. Nd2 Be7 11. Nc4 Qc7 12. Be3 O-O 13. Qf3 f6 14. Rfd1 Nf4 15.
Bf1 g5 16. h3 Kh8 17. g3 g4 18. hxg4 Rg8 19. Qh1 Bxg4 20. f3 Be6 21. Kf2 Nd5 22.
Bh3 Nxe3 23. Nxe3 Bxh3 24. Qxh3 Rad8 25. Qe6 Rd6 26. Qf7 Rf8 27. Qc4 Rxd1 28.
Rxd1 Rd8 29. Rxd8+ Qxd8 30. Ke2 Qg8 31. Qxg8+ Kxg8 32. Nf5 Bc5 33. Kd3 b5 34.
axb5 cxb5 35. c4 bxc4+ 36. Kxc4 Bf2 37. Kd5 Kf7 38. g4 Kg6 39. Ke6 Kg5 40. Ne7
Kf4 41. Nd5+ Kxf3 42. Nxf6 Kf4 43. Nxh7 Kxe4 44. g5 Be3 45. Nf6+ Kd4 46. g6 Bh6
47. Ng4 e4 48. Nxh6 e3 49. Nf5+ 1-0

[Event "Kvika Reykjavik Open 2022"]
[Site "Reykjavik ISL"]
[Date "2022.04.12"]
[Round "9.31"]
[White "Thorfinnsson, Bjorn"]
[Black "Foerster-Yialamas, Lucas"]
[Result "0-1"]
[WhiteTitle "IM"]
[BlackTitle "CM"]
[WhiteElo "2381"]
[BlackElo "2075"]
[WhiteFideId "2300982"]
[BlackFideId "30901774"]
[EventDate "2022.04.06"]

1. d4 Nf6 2. Nf3 g6 3. Bg5 Bg7 4. e3 c5 5. c3 Qb6 6. Qb3 O-O 7. Nbd2 Nc6 8. Nc4
Qxb3 9. axb3 cxd4 10. exd4 Nd5 11. Ne3 Nxe3 12. fxe3 d5 13. Bb5 f6 14. Bxc6 bxc6
15. Bf4 Re8 16. Bc7 e5 17. Kf2 e4 18. Nd2 f5 19. Ra4 Re7 20. Bd6 Re6 21. Bf4 Bf6
22. h4 Kg7 23. b4 h6 24. Nb3 g5 25. Bg3 Re7 26. Nc5 Rf7 27. Ke2 f4 28. exf4 gxf4
29. Bxf4 Bxd4 30. g3 Bxc5 31. bxc5 h5 32. Ke3 Kf6 33. Kd4 Ke6 34. Rha1 Kf5 35.
Ke3 Kg4 36. b4 a6 37. R4a2 Raa7 38. Kd4 Rf5 39. Ra5 Re7 40. Ke3 Re8 41. Rd1 Kh3
42. Ra2 Kg4 43. Rd4 Kh3 44. c4 dxc4 45. g4 Kxg4 46. Rg2+ Kxh4 47. Rh2+ Kg4 48.
Rg2+ Kh4 49. Rh2+ Kg4 50. Rd1 h4 51. Rg1+ Kh5 52. Rgh1 Rxf4 53. Kxf4 h3 54. Re2
Rf8+ 55. Ke5 Bg4 56. Rxe4 Re8+ 57. Kf4 Rxe4+ 58. Kxe4 Kh4 59. Ke3 Be6 60. Kd4 0-1

[Event "Kvika Reykjavik Open 2022"]
[Site "Reykjavik ISL"]
[Date "2022.04.12"]
[Round "9.32"]
[White "Hedman, Erik"]
[Black "Dougherty, Michael"]
[Result "0-1"]
[WhiteTitle "IM"]
[BlackTitle "FM"]
[WhiteElo "2362"]
[BlackElo "2066"]
[WhiteFideId "1702351"]
[BlackFideId "2601559"]
[EventDate "2022.04.06"]

1. Nf3 Nf6 2. c4 e6 3. Nc3 d5 4. d4 Bb4 5. Qa4+ Nc6 6. Bd2 O-O 7. e3 Re8 8. a3
Bf8 9. Qc2 a6 10. Bd3 h6 11. b4 dxc4 12. Bxc4 b6 13. Rd1 Bb7 14. Bc1 Bd6 15. Ne5
Bxe5 16. dxe5 Nd7 17. f4 Ncxe5 18. fxe5 Qh4+ 19. Qf2 Qxc4 20. Rxd7 Qxc3+ 21. Bd2
Qa1+ 22. Ke2 Qxe5 23. Qxf7+ Kh7 24. Rxc7 Rf8 25. Rf1 Bxg2 26. Rf4 Rxf7 27. Rfxf7
Bc6 0-1

[Event "Kvika Reykjavik Open 2022"]
[Site "Reykjavik ISL"]
[Date "2022.04.12"]
[Round "9.33"]
[White "Murphy, Ryan"]
[Black "Dishman, Stephen"]
[Result "1/2-1/2"]
[WhiteElo "2051"]
[BlackElo "2339"]
[WhiteFideId "2082438"]
[BlackFideId "403024"]
[EventDate "2022.04.06"]

1. e4 c6 2. Nf3 d5 3. d3 dxe4 4. dxe4 Qxd1+ 5. Kxd1 Nf6 6. Nfd2 g5 7. a4 h5 8.
a5 h4 9. Nc3 Nbd7 10. Nc4 Rg8 11. Ke1 e5 12. f3 Nh5 13. Nd1 f6 14. Nde3 Nc5 15.
b4 Na6 16. c3 Be6 17. Nb2 Nc7 18. Bc4 O-O-O 19. Bd2 Rg7 20. Rd1 Rgd7 21. Bc1
Bxc4 22. Rxd7 Rxd7 23. Nexc4 Nb5 24. Bd2 c5 25. bxc5 Bxc5 26. Na4 Rc7 27. Kd1
Nf4 28. g3 Nh3 29. Kc2 Bg1 30. Kb3 Rd7 31. Kc2 Nd6 32. Nab2 Nxc4 33. Nxc4 Rh7
34. g4 Rc7 35. Kb3 Kd7 36. Be3 Bxe3 37. Nxe3 Nf4 38. Rd1+ Ke6 39. Nd5 Nxd5 40.
exd5+ Kd6 41. Kb4 Re7 42. c4 e4 43. c5+ Kd7 44. a6 bxa6 45. d6 Re8 46. fxe4
Rxe4+ 47. Kc3 Re8 48. Kc4 Kc6 49. d7 Rd8 50. Rd6+ Kc7 51. Rxa6 Kxd7 52. Rxa7+
Ke6 53. Ra6+ Kd7 54. Rxf6 1/2-1/2

[Event "Kvika Reykjavik Open 2022"]
[Site "Reykjavik ISL"]
[Date "2022.04.12"]
[Round "9.34"]
[White "Barthel, Ansgar"]
[Black "Brunello, Marina"]
[Result "0-1"]
[BlackTitle "IM"]
[WhiteElo "2053"]
[BlackElo "2337"]
[WhiteFideId "4643461"]
[BlackFideId "822590"]
[EventDate "2022.04.06"]

1. e4 c5 2. Nf3 d6 3. d4 cxd4 4. Nxd4 Nf6 5. Nc3 a6 6. f4 e5 7. Nf3 Nbd7 8. a4
Be7 9. Bd3 O-O 10. O-O Nc5 11. Kh1 Qc7 12. Qe2 Bd7 13. fxe5 dxe5 14. Bg5 Be6 15.
Nh4 Ne8 16. Bxe7 Qxe7 17. Nf5 Qc7 18. Ne3 Nd6 19. Ncd5 Qd8 20. Qf3 f5 21. exf5
e4 22. Qg3 Bxd5 23. Nxd5 exd3 24. Qe3 Nce4 25. cxd3 Nf6 26. Ne7+ Kh8 27. Ng6+
hxg6 28. Qh3+ Kg8 29. fxg6 Qd7 30. Rxf6 Qxh3 31. Rxf8+ Kxf8 32. gxh3 Ke7 0-1

[Event "Kvika Reykjavik Open 2022"]
[Site "Reykjavik ISL"]
[Date "2022.04.12"]
[Round "9.35"]
[White "Marzik, Hans"]
[Black "Lim, Zhuo Ren"]
[Result "1/2-1/2"]
[BlackTitle "FM"]
[WhiteElo "2050"]
[BlackElo "2317"]
[WhiteFideId "16254686"]
[BlackFideId "5702488"]
[EventDate "2022.04.06"]

1. d4 d5 2. c4 dxc4 3. Nf3 Nf6 4. e3 e6 5. Bxc4 a6 6. O-O b5 7. Be2 Bb7 8. a4 b4
9. Nbd2 c5 10. Nb3 Nbd7 11. Bd2 cxd4 12. exd4 Be7 13. Rc1 Nd5 14. Nc5 Nxc5 15.
dxc5 Rc8 16. c6 Rxc6 17. Rxc6 Bxc6 18. Bxa6 Qa5 19. Qe2 O-O 20. Ne5 Ba8 21. Bb5
Rc8 22. h3 Bf6 23. Nc4 Qa7 24. Qe1 Qd4 25. Qe2 g5 26. Rd1 Rd8 27. Bxg5 Nc3 28.
Rxd4 Nxe2+ 29. Kf1 Rxd4 30. Bxf6 Rf4 31. Be5 Ng3+ 32. Kg1 Ne2+ 33. Kf1 1/2-1/2

[Event "Kvika Reykjavik Open 2022"]
[Site "Reykjavik ISL"]
[Date "2022.04.12"]
[Round "9.36"]
[White "Manukonda, Arun"]
[Black "De Wachter, Matthias"]
[Result "0-1"]
[BlackTitle "FM"]
[WhiteElo "2014"]
[BlackElo "2295"]
[WhiteFideId "5080789"]
[BlackFideId "201839"]
[EventDate "2022.04.06"]

1. d4 d5 2. Nf3 Nf6 3. e3 c5 4. b3 cxd4 5. exd4 Nc6 6. Bd3 Bg4 7. Bb2 Qa5+ 8.
Bc3 Qb6 9. O-O e6 10. a4 a6 11. a5 Qc7 12. Ra4 Bd6 13. h3 Bh5 14. Re1 O-O 15.
Nbd2 Rfc8 16. Qa1 Bg6 17. Bxg6 hxg6 18. Rc1 Bf4 19. Rd1 Na7 20. Bb4 Qxc2 21. Bc5
Nb5 22. Ra2 Qf5 23. g4 Qd3 24. Kg2 Nc3 25. Ne1 Qe2 26. Qxc3 Qxd1 27. Nef3 Qe2
28. Ra1 g5 29. b4 g6 30. Rb1 Bxd2 31. Qxd2 Qxd2 32. Nxd2 Rc6 33. f3 Nd7 34. Nb3
f6 35. Kf2 Kf7 36. Kg3 Rh8 37. Rh1 Rcc8 38. Rh2 Rh7 39. Nc1 b6 40. axb6 Nxb6 41.
Nd3 Nc4 42. Ra2 Rch8 43. Nf2 Ra8 44. b5 a5 45. Nd1 Rah8 46. Nf2 Rb8 47. b6 Ke8
48. Nd1 Kd7 49. Nc3 Kc6 50. Na4 Rbh8 51. Rh2 f5 52. Rh1 f4+ 0-1

[Event "Kvika Reykjavik Open 2022"]
[Site "Reykjavik ISL"]
[Date "2022.04.12"]
[Round "9.37"]
[White "Burlacu, Bogdan"]
[Black "Jonsson, Gauti Pall"]
[Result "1-0"]
[WhiteTitle "FM"]
[WhiteElo "2286"]
[BlackElo "2064"]
[WhiteFideId "1209507"]
[BlackFideId "2309092"]
[EventDate "2022.04.06"]

1. Nf3 Nf6 2. g3 b6 3. Bg2 Bb7 4. O-O g6 5. d3 Bg7 6. e4 O-O 7. e5 Ne8 8. d4 c5
9. dxc5 bxc5 10. Nc3 d5 11. exd6 Nxd6 12. Re1 Nd7 13. Nd5 Bxd5 14. Qxd5 Nb6 15.
Qd3 Qc7 16. Ne5 Rad8 17. Nc6 Rd7 18. Bf4 Nbc8 19. c3 Qb6 20. Qe2 Nf5 21. Rad1
Rxd1 22. Rxd1 h5 23. Rd7 e6 24. Bc7 1-0

[Event "Kvika Reykjavik Open 2022"]
[Site "Reykjavik ISL"]
[Date "2022.04.12"]
[Round "9.38"]
[White "Thorhallsson, Simon"]
[Black "Briem, Benedikt"]
[Result "0-1"]
[WhiteTitle "FM"]
[WhiteElo "2252"]
[BlackElo "2062"]
[WhiteFideId "2310090"]
[BlackFideId "2315432"]
[EventDate "2022.04.06"]

1. e4 c5 2. Nf3 d6 3. Bb5+ Bd7 4. c4 Nf6 5. Nc3 g6 6. O-O Bg7 7. h3 O-O 8. d3 a6
9. Bxd7 Nbxd7 10. Bg5 h6 11. Be3 Qc7 12. Qd2 Kh7 13. Nh2 e6 14. Ng4 Nxg4 15.
hxg4 Ne5 16. Qe2 Nc6 17. f3 Nd4 18. Qd2 b5 19. Kf2 g5 20. Rh1 Kg8 21. Rh5 b4 22.
Bxg5 hxg5 23. Qxg5 Qd8 24. Qd2 bxc3 25. bxc3 Nc6 26. Rah1 Qf6 0-1

[Event "Kvika Reykjavik Open 2022"]
[Site "Reykjavik ISL"]
[Date "2022.04.12"]
[Round "9.39"]
[White "Green, Per"]
[Black "Sowray, Peter J"]
[Result "1/2-1/2"]
[BlackTitle "FM"]
[WhiteElo "1946"]
[BlackElo "2243"]
[WhiteFideId "1703811"]
[BlackFideId "400971"]
[EventDate "2022.04.06"]

1. c4 g6 2. g3 Bg7 3. Bg2 d6 4. Nc3 Nf6 5. b3 c5 6. Bb2 Nc6 7. Nf3 e5 8. d3 O-O
9. O-O h6 10. Qd2 Be6 11. Rac1 Qd7 12. Rfd1 Nh5 13. e3 f5 14. d4 cxd4 15. exd4
exd4 16. Nb5 f4 17. Nfxd4 Bh3 18. Nxc6 Bxg2 19. Ne7+ Qxe7 20. Kxg2 Bxb2 21. Qxb2
fxg3 22. hxg3 Qe4+ 23. Kg1 Nxg3 24. fxg3 Qe3+ 25. Kg2 Rf3 26. Rc3 Rxg3+ 27. Kh2
Rh3+ 28. Kg2 Rg3+ 29. Kh2 Rh3+ 1/2-1/2

[Event "Kvika Reykjavik Open 2022"]
[Site "Reykjavik ISL"]
[Date "2022.04.12"]
[Round "9.41"]
[White "Schultze, Joerg-Martin"]
[Black "Povah, Nigel E"]
[Result "0-1"]
[BlackTitle "IM"]
[WhiteElo "1932"]
[BlackElo "2216"]
[WhiteFideId "12972070"]
[BlackFideId "400467"]
[EventDate "2022.04.06"]

1. d4 Nf6 2. c4 e6 3. Nc3 c5 4. d5 exd5 5. cxd5 d6 6. Nf3 g6 7. Nd2 Bg7 8. Nc4
O-O 9. Bf4 b6 10. e3 Ne8 11. Be2 Ba6 12. a4 Bxc4 13. Bxc4 f5 14. Qd2 a6 15. O-O
Nd7 16. Rae1 h6 17. Bg3 Ne5 18. Ba2 b5 19. f4 Ng4 20. h3 Ngf6 21. Bb1 b4 22. Nd1
Ne4 23. Bxe4 fxe4 24. Nf2 Qe7 25. Qc2 Nc7 26. Nxe4 Nxd5 27. Qc4 Rf5 28. Nxd6
Qxd6 29. e4 Rh5 30. exd5 Bxb2 31. f5 Qxg3 32. d6+ Kh8 33. Qxc5 Rxf5 34. Qxb4 Bc3
35. Qe4 Raf8 36. Rxf5 gxf5 37. Re3 fxe4 38. Rxg3 Bd4+ 0-1

[Event "Kvika Reykjavik Open 2022"]
[Site "Reykjavik ISL"]
[Date "2022.04.12"]
[Round "9.42"]
[White "Filipovich, David"]
[Black "Roe, Simon J"]
[Result "1-0"]
[WhiteElo "1975"]
[BlackElo "2211"]
[WhiteFideId "2600706"]
[BlackFideId "401471"]
[EventDate "2022.04.06"]

1. Nf3 d5 2. g3 Nf6 3. Bg2 e6 4. O-O b5 5. d4 Bb7 6. c3 c5 7. a4 b4 8. Nbd2 Nbd7
9. cxb4 cxb4 10. e4 dxe4 11. Ng5 Be7 12. Ndxe4 Nxe4 13. Nxe4 Bd5 14. Be3 O-O 15.
Qe2 Rc8 16. Rfc1 Nf6 17. Bg5 Rxc1+ 18. Rxc1 Nxe4 19. Bxe7 Qxe7 20. Bxe4 Qb7 21.
Bxd5 Qxd5 22. Qc4 Qe4 23. Qxb4 h5 24. h4 Rd8 25. Qc5 Rd5 26. Qxa7 Rxd4 27. a5 g5
28. Qe7 gxh4 29. Qg5+ Qg6 30. Qxg6+ fxg6 31. Ra1 hxg3 32. a6 gxf2+ 33. Kxf2 1-0

[Event "Kvika Reykjavik Open 2022"]
[Site "Reykjavik ISL"]
[Date "2022.04.12"]
[Round "9.43"]
[White "Hartmann, Wolfgang"]
[Black "Jaksland, Tim"]
[Result "1-0"]
[BlackTitle "FM"]
[WhiteElo "1927"]
[BlackElo "2203"]
[WhiteFideId "12977373"]
[BlackFideId "1401084"]
[EventDate "2022.04.06"]

1. c4 e6 2. g3 d5 3. Bg2 dxc4 4. Qc2 a6 5. Qxc4 c5 6. d3 Nf6 7. Nc3 Nbd7 8. Qb3
Bd6 9. Nh3 O-O 10. O-O Rb8 11. Ng5 Bc7 12. Be3 b6 13. Rfd1 Qe7 14. Nge4 Bb7 15.
Bg5 h6 16. Bxf6 Nxf6 17. Nxf6+ Qxf6 18. Bxb7 Rxb7 19. Ne4 Qe7 20. d4 cxd4 21.
Rxd4 Be5 22. Rd2 Rd8 23. Rad1 Rxd2 24. Rxd2 b5 25. Qd3 g6 26. Qd8+ Qxd8 27.
Rxd8+ Kg7 28. Rd2 Rc7 29. f4 Rc4 30. Nf2 Bc7 31. a3 Kf8 32. Kg2 Ke7 33. Kf3 Ba5
34. b4 Bb6 35. Rd3 Bd4 36. Nd1 Bb6 37. Rc3 Rxc3+ 38. Nxc3 Bd4 39. Nd1 f5 40. e3
Ba1 1-0

[Event "Kvika Reykjavik Open 2022"]
[Site "Reykjavik ISL"]
[Date "2022.04.12"]
[Round "9.44"]
[White "Mai, Alexander Oliver"]
[Black "Held, Thomas"]
[Result "0-1"]
[WhiteElo "2177"]
[BlackElo "2054"]
[WhiteFideId "2313391"]
[BlackFideId "1308335"]
[EventDate "2022.04.06"]

1. e4 e6 2. d4 d5 3. Nc3 Nf6 4. e5 Nfd7 5. f4 c5 6. Nf3 Nc6 7. Be3 a6 8. a3 b5
9. dxc5 Bxc5 10. Bxc5 Nxc5 11. b4 Nd7 12. Bd3 Qb6 13. Qd2 O-O 14. Ne2 f6 15.
exf6 Nxf6 16. Ned4 Nxd4 17. Nxd4 e5 18. fxe5 Ng4 19. O-O-O Nxe5 20. Qg5 Qf6 21.
Qxf6 Rxf6 22. Rhe1 Nxd3+ 23. Rxd3 Bf5 24. Rf3 Be4 25. Rxf6 gxf6 26. g3 Kf7 27.
Kd2 h5 28. h4 f5 29. Ne2 a5 30. Nd4 axb4 31. axb4 Kf6 32. Ke3 Rc8 33. Rc1 Ke5
34. c3 Rg8 35. Rg1 Rxg3+ 36. Rxg3 f4+ 37. Kf2 fxg3+ 38. Kxg3 Bd3 39. Kf3 Bc4 40.
Ke3 Bf1 41. Nf3+ Kf5 42. Nd2 Bg2 43. Kf2 Be4 44. Kg3 Bc2 45. Kf3 Bd1+ 46. Kg3
Ke5 47. Kf2 Kf4 48. Nb1 Bb3 49. Na3 Bc4 50. Nc2 Kg4 51. Ke3 Kxh4 52. Kf4 Kh3 53.
Ne3 Kh2 54. Kf3 Kg1 55. Nf5 Kf1 56. Nh4 Ke1 57. Ke3 Kd1 58. Nf3 Kc2 59. Kd4 Be2
60. Nh4 Bc4 61. Nf3 Be2 62. Nh4 Bd3 63. Ng2 Be4 64. Nf4 h4 65. c4 dxc4 66. Kxe4
Kb3 67. Kf3 Kxb4 68. Kg4 c3 69. Kxh4 Kc4 70. Kg3 c2 71. Ne2 Kd3 72. Kf3 b4 73.
Kf2 Kd2 74. Nd4 c1=Q 75. Nb3+ Kd1 76. Nxc1 Kxc1 0-1

[Event "Kvika Reykjavik Open 2022"]
[Site "Reykjavik ISL"]
[Date "2022.04.12"]
[Round "9.45"]
[White "Vemparala, Nikash"]
[Black "Karason, Askell O"]
[Result "1/2-1/2"]
[BlackTitle "IM"]
[WhiteElo "1923"]
[BlackElo "2166"]
[WhiteFideId "30960967"]
[BlackFideId "2300567"]
[EventDate "2022.04.06"]

1. e4 c5 2. Nf3 Nc6 3. Bb5 d6 4. O-O Bd7 5. Re1 a6 6. Bxc6 Bxc6 7. d4 cxd4 8.
Nxd4 e6 9. Nxc6 bxc6 10. c4 Be7 11. Nc3 Nf6 12. Be3 O-O 13. f3 Nd7 14. Qd2 Qc7
15. Red1 Rfd8 16. Qf2 c5 17. Rac1 Ne5 18. b3 Bf6 19. Rd2 Nc6 20. Ne2 a5 21. Nc3
Bxc3 22. Rxc3 e5 23. f4 Nd4 24. Bxd4 exd4 25. Rh3 Qe7 26. Re2 a4 27. g4 axb3 28.
axb3 Ra1+ 29. Kg2 Rb1 30. g5 Rb8 31. Qh4 h6 32. Qg4 R1xb3 33. Rxh6 d3 34. Re3 d2
35. Rxb3 Qxe4+ 36. Kf2 d1=N+ 37. Qxd1 Qxf4+ 38. Qf3 Qd2+ 39. Qe2 Qxe2+ 40. Kxe2
Rxb3 41. Rxd6 Rc3 42. Rc6 Rxc4 43. Kd3 Rc1 44. Kd2 Rh1 45. Rxc5 Rxh2+ 46. Ke3
Rh4 47. g6 fxg6 48. Kf3 Kh7 49. Kg3 Ra4 50. Rb5 Kh6 51. Rb6 Kh5 52. Rb7 Ra3+ 53.
Kg2 Kh6 54. Rb6 Re3 55. Kf2 Re5 56. Kg3 Kg5 57. Rb7 Kf6 58. Kg4 Re4+ 59. Kf3 Re7
60. Rb6+ Re6 61. Rb8 g5 62. Rf8+ Kg6 63. Kg4 Rf6 64. Ra8 Rf4+ 65. Kg3 Rb4 66.
Ra7 Re4 67. Ra6+ Kf5 68. Ra5+ Re5 69. Rxe5+ Kxe5 70. Kg4 Kf6 71. Kh5 Ke5 1/2-1/2

[Event "Kvika Reykjavik Open 2022"]
[Site "Reykjavik ISL"]
[Date "2022.04.12"]
[Round "9.46"]
[White "Marie, Maxime"]
[Black "Briem, Stephan"]
[Result "0-1"]
[WhiteTitle "CM"]
[WhiteElo "2150"]
[BlackElo "2048"]
[WhiteFideId "625590"]
[BlackFideId "2312506"]
[EventDate "2022.04.06"]

1. c4 c6 2. g3 d5 3. Bg2 Nf6 4. d4 g6 5. Nf3 Bg7 6. Nc3 dxc4 7. Ne5 O-O 8. Nxc4
Be6 9. Qd3 Nd5 10. a3 Nb6 11. Nxb6 axb6 12. Be3 b5 13. O-O Bc4 14. Qc2 e6 15.
Rad1 Bd5 16. f3 Qa5 17. Ne4 Nd7 18. Nf2 Qa4 19. Qc1 e5 20. dxe5 Nxe5 21. Bh6 Qc4
22. Bxg7 Qxc1 23. Rxc1 Kxg7 24. e4 Bc4 25. Rfe1 Rfd8 26. f4 Nd3 27. Nxd3 Rxd3
28. Bf1 Rd2 29. Bxc4 bxc4 30. Red1 Rxb2 31. Rxc4 Rxa3 32. e5 Raa2 33. f5 gxf5
34. Rh4 b5 35. Kh1 c5 36. g4 f4 37. g5 Rf2 38. e6 fxe6 39. Kg1 f3 40. Rh6 Rfd2
41. Rf1 b4 0-1

[Event "Kvika Reykjavik Open 2022"]
[Site "Reykjavik ISL"]
[Date "2022.04.12"]
[Round "9.47"]
[White "Karlsson, Mikael Johann"]
[Black "Kartsev, Nikolay"]
[Result "1-0"]
[WhiteElo "2119"]
[BlackElo "2041"]
[WhiteFideId "2305194"]
[BlackFideId "12939536"]
[EventDate "2022.04.06"]

1. c4 f5 2. g3 Nf6 3. Bg2 g6 4. Nc3 Bg7 5. d3 d6 6. e4 O-O 7. Nge2 e5 8. O-O c6
9. Kh1 f4 10. gxf4 Nh5 11. fxe5 dxe5 12. f3 Be6 13. Be3 Nf4 14. Nxf4 exf4 15.
Bg1 Qa5 16. Qc2 Qh5 17. b3 c5 18. Rad1 Bd4 19. Bxd4 cxd4 20. Nb5 Qe5 21. Qb2 Nc6
22. Qa3 a6 23. Nd6 b5 24. c5 b4 25. Qc1 a5 26. Rf2 a4 27. Rb2 Qh5 28. Nb5 Qe5
29. Nd6 Qg5 30. Rdd2 Ra5 31. Rdc2 Rfa8 32. Nc4 a3 33. Rb1 Rxc5 34. Nxa3 Rc3 35.
Nc4 Ra6 36. Qd2 Qh4 37. Rd1 Kh8 38. Qe2 Bxc4 39. bxc4 Qf6 40. Bf1 Ra5 41. Qf2
Rca3 42. Rb2 Rh5 43. Qg2 Kg7 44. Qf2 Raa5 45. Be2 Rh3 46. Rg1 Rah5 47. Rg2 Qd6
48. Kg1 Ne5 49. Rb1 Kh6 50. Rf1 g5 51. Qe1 R5h4 52. Qd2 Qc5 53. Rgf2 Qe7 54. Rb1
Qf7 55. Qxb4 g4 56. Qd6+ Ng6 57. fxg4 f3 58. g5+ Kxg5 59. Rb5+ Kh6 60. Bf1 Rg4+
61. Kh1 Rhh4 62. Rf5 Qa7 63. R5xf3 Qa5 64. Qxd4 Qe1 65. Qe3+ Qxe3 66. Rxe3 Nf4
67. e5 Nh5 68. Rh3 Rxh3 69. Bxh3 Rh4 70. Rf3 Nf4 71. Bd7 Kg5 72. c5 Ne2 73. Rf5+
Kg6 74. Rf6+ Kg5 75. c6 Rb4 76. c7 Nf4 77. Rxf4 Rb1+ 78. Kg2 1-0

[Event "Kvika Reykjavik Open 2022"]
[Site "Reykjavik ISL"]
[Date "2022.04.12"]
[Round "9.48"]
[White "Galow, Michael"]
[Black "Johannsson, Birkir Isak"]
[Result "0-1"]
[WhiteElo "1740"]
[BlackElo "2117"]
[WhiteFideId "16234596"]
[BlackFideId "2314673"]
[EventDate "2022.04.06"]

1. d4 d5 2. Bf4 c5 3. e3 Nc6 4. Nf3 Nf6 5. Nbd2 Qb6 6. dxc5 Qxb2 7. Rb1 Qc3 8.
Bb5 g6 9. e4 dxe4 10. Be5 Qa5 11. Nd4 Bd7 12. Bxc6 Bxc6 13. Bxf6 exf6 14. Nxc6
bxc6 15. O-O Rd8 16. Nb3 Qb4 17. Qe1 Bxc5 18. c3 Qc4 19. Nd2 Qe6 20. Nxe4 Be7
21. Qe3 f5 22. Ng3 Qxe3 23. fxe3 Bc5 24. Kh1 h5 25. h4 O-O 26. e4 Bd6 27. Nxf5
gxf5 28. Rxf5 f6 29. Rxh5 Rb8 30. Rd1 Be5 31. g4 Rfd8 32. Rxd8+ Rxd8 33. g5 Bxc3
34. g6 Kg7 35. Rc5 Be5 36. h5 Rh8 37. Rxc6 Rxh5+ 0-1

[Event "Kvika Reykjavik Open 2022"]
[Site "Reykjavik ISL"]
[Date "2022.04.12"]
[Round "9.49"]
[White "Gupta, Anand"]
[Black "Zysko, Jan"]
[Result "0-1"]
[WhiteElo "1543"]
[BlackElo "2110"]
[WhiteFideId "30951739"]
[BlackFideId "1141589"]
[EventDate "2022.04.06"]

1. d4 d6 2. c4 e5 3. dxe5 dxe5 4. Qxd8+ Kxd8 5. a3 Be6 6. e3 Nd7 7. Nf3 f6 8.
Nbd2 a5 9. b3 Nc5 10. Bb2 c6 11. O-O-O Kc7 12. Kc2 Nh6 13. Bd3 Nf7 14. Bc3 Nxd3
15. Kxd3 Bxa3 16. Ra1 Bb4 17. Bxb4 axb4 18. Kc2 Nd6 19. Kb2 c5 20. Rhc1 e4 21.
Ng1 g5 22. Ne2 f5 23. g4 Rxa1 24. Rxa1 h5 25. gxf5 Bxf5 26. Ng3 Bg6 27. Rg1 Rf8
28. Rf1 h4 29. Ne2 Bh5 30. Ng1 Bg4 31. f3 exf3 32. Ngxf3 Bh3 33. Rg1 g4 34. Nxh4
Rf2 35. Kc2 Ne4 36. Rd1 Rxh2 37. Kd3 Nf2+ 38. Ke2 Nxd1+ 39. Kxd1 g3 40. Nhf3 Bg4
41. Ke1 Bxf3 42. Nxf3 Rb2 43. e4 Rxb3 44. Ng5 g2 45. Kf2 g1=Q+ 46. Kxg1 Rg3+ 0-1